Zvláštnosti financovania v poľnohospodárstve. 2

Vytváranie osobitných finančných zdrojov. Päť účelových štátnych fondov, ktoré boli vytvorené na základe potreby finančnej podpory špecifík, ktoré rezort pôdohospodárstva rieši v rámci svojej kompetencie. Štátny fond ochrany a zveľadenia poľnohospodárskeho pôdneho fondu. Štátny fond zveľadenia lesa....

Descrizione completa

Salvato in:
Dettagli Bibliografici
Autore principale: Svetlík, J.
Altri autori: Magdolenová, Z., Gergeľ, M.
Natura: Capitolo di libro
Lingua:slovacco
Soggetti:
Tags: Aggiungi Tag
Nessun Tag, puoi essere il primo ad aggiungerne!!

MARC

LEADER 00000naa a2200000 4500
001 r021137
005 20230809082033.4
041 0 |a slo 
044 |a SK 
245 1 0 |a Zvláštnosti financovania v poľnohospodárstve. 2  |c J. Svetlík, Z. Magdolenová, M. Gergeľ 
520 |a Vytváranie osobitných finančných zdrojov. Päť účelových štátnych fondov, ktoré boli vytvorené na základe potreby finančnej podpory špecifík, ktoré rezort pôdohospodárstva rieši v rámci svojej kompetencie. Štátny fond ochrany a zveľadenia poľnohospodárskeho pôdneho fondu. Štátny fond zveľadenia lesa. Štátny podporný fond pôdohospodárstva a potravinárstva. Štátny vodohospodársky fond. Štátny fond trhovej regulácie. Financovanie poľnohospodárskej prvovýroby z úverových zdrojov. Dotačná politika v rezorte poľnohospodárstva. 
610 2 0 |a poľnohospodárstvo 
610 2 0 |a výroba poľnohospodárska 
610 2 0 |a financovanie 
610 2 0 |a dotácie 
610 2 0 |a rozpočet štátny 
610 2 0 |a fondy účelové 
610 2 0 |a politika poľnohospodárska 
610 2 0 |a úver poľnohospodársky 
100 1 |a Svetlík, J. 
700 1 |a Magdolenová, Z. 
700 1 |a Gergeľ, M.